Modern Interiors /

Guardado en:
Detalles Bibliográficos
Otros Autores: Minguet, Josep María (Editor), Bou, Louis (Editor), Triviño, Santi (Editor)
Formato: Libro
Lenguaje:inglés
Publicado: Barcelona : Instituto Monsa de Ediciones, 2006
Edición:1. vydanie
Materias:
Etiquetas: Agregar Etiqueta
Sin Etiquetas, Sea el primero en etiquetar este registro!

MARC

LEADER 00000nam a22000003a 4500
001 0072059
003 SK-STU
005 20200121113958.1
007 ta
008 190301s ----xo-----e------000-0-----d
020 |a 84-96429-51-2 
040 |a STU  |b slo 
041 0 |a eng 
044 |a sp 
100 1 |a Minguet, Josep María  |4 edt 
245 1 0 |a Modern Interiors /  |c ed. Josep María Minguet ; ed. Louis Bou, Santi Triviño 
250 |a 1. vydanie 
260 |a Barcelona :  |b Instituto Monsa de Ediciones,  |c 2006 
300 |a 239 s. 
650 0 7 |a interiéry 
650 0 7 |a nábytok 
650 0 7 |a rodinné domy 
650 0 7 |a exteriér 
650 0 7 |a bývanie 
650 0 7 |a apartmán 
650 0 7 |a plastika 
700 1 |a Bou, Louis  |4 edt 
700 1 |a Triviño, Santi  |4 edt 
996 |b 284AU08003  |c A* 11268/U  |l AAKNAR  |s A  |a 24  |w 0072059_0001